000 00417nam a2200133Ia 4500
008 151001s9999||||xx |||||||||||||| ||und||
100 _aवीणा पाठक
245 _aकम्प्युटर आधुनिक विज्ञान का रीढ रज्जू
250 _a1
260 _bसाक्षर प्रकाशन
260 _c2008
300 _a28
365 _b21
999 _c991583
_d991580